000 00837nam a2200217 i 4500
001 74445
003 ES-MaACL
005 20250811071520.0
007 t|
008 040920s1948 sp ||||1| spa d
100 1 _aGonzález y Martínez, Jerónimo.
_959036
245 1 0 _aEstudios de Derecho Hipotecario y Derecho Civil /
_cJerónimo González y Martínez ; prólogo de José Castán Tobeñas.
260 _aMadrid :
_bMinisterio de Justicia,
_c1948 (
_fUguina)
300 _a3 v. ;
_c22 cm.
505 8 _aContiene: El vol. 2: Semblanza de Don Jerónimo / por Rafael Núñez Lagos
700 1 _aCastán Tobeñas, José,
_d1889-1969
_936392
700 1 _aNúñez Lagos, Rafael,
_d1902-1991
_986209
710 1 _aEspaña.
_bMinisterio de Justicia
_93895
852 _aES-MaACL
_jB-1294-96
_bR.26940
999 _c74445
_d74445